<?xml version="1.0" encoding="UTF-8"?>
<collection xmlns="http://www.loc.gov/MARC21/slim">
<record>
  <controlfield tag="001">163067</controlfield>
  <controlfield tag="005">20251009133841.0</controlfield>
  <datafield tag="024" ind1="7" ind2=" ">
    <subfield code="2">doi</subfield>
    <subfield code="a">10.47553/rifop.v39i2.114622</subfield>
  </datafield>
  <datafield tag="024" ind1="8" ind2=" ">
    <subfield code="2">sideral</subfield>
    <subfield code="a">145526</subfield>
  </datafield>
  <datafield tag="037" ind1=" " ind2=" ">
    <subfield code="a">ART-2025-145526</subfield>
  </datafield>
  <datafield tag="041" ind1=" " ind2=" ">
    <subfield code="a">spa</subfield>
  </datafield>
  <datafield tag="100" ind1=" " ind2=" ">
    <subfield code="a">Martínez-Juste, Sergio</subfield>
    <subfield code="u">Universidad de Zaragoza</subfield>
    <subfield code="0">(orcid)0000-0002-2607-6789</subfield>
  </datafield>
  <datafield tag="245" ind1=" " ind2=" ">
    <subfield code="a">Evolución de la actitud hacia las matemáticas de alumnado de primaria tras cambios en la cultura de aula</subfield>
  </datafield>
  <datafield tag="260" ind1=" " ind2=" ">
    <subfield code="c">2025</subfield>
  </datafield>
  <datafield tag="506" ind1="0" ind2=" ">
    <subfield code="a">Access copy available to the general public</subfield>
    <subfield code="f">Unrestricted</subfield>
  </datafield>
  <datafield tag="520" ind1="3" ind2=" ">
    <subfield code="a">Tanto el currículo español como diferentes estudios nacionales e internacionales apuntan a dos elementos clave para la mejora del aprendizaje de las matemáticas en: la atención al dominio social y afectivo y la generalización de enfoques de enseñanza a través de la resolución de problemas. En este trabajo se indaga sobre cómo los cambios de enfoque en la enseñanza influyen en las actitudes hacia las matemáticas de un grupo de estudiantes al pasar de 3º a 4º y de 4º a 5º curso de Educación Primaria (8-9 y 9-10 años). En particular, se analizan tres componentes del dominio afectivo: visión de las matemáticas, competencia percibida y dimensión emocional. Los resultados muestran cómo la transición de un modelo instrumental a uno relacional promueve una visión más rica del quehacer matemático en el alumnado, mejora la competencia percibida y promueve la aparición de emociones positivas hacia las matemáticas. Además, la vuelta a un modelo instrumental provoca emociones negativas en el alumnado que ha construido una visión relacional. Estos indicios apuntan hacia la importancia que puede tener la cultura de aula en el dominio afectivo y, por tanto, cómo una adecuada cultura de aula puede contribuir a la mejora del aprendizaje de las matemáticas y a la reducción de resultados no deseados en las evaluaciones nacionales e internacionales, como la brecha de género.</subfield>
  </datafield>
  <datafield tag="536" ind1=" " ind2=" ">
    <subfield code="9">info:eu-repo/grantAgreement/ES/DGA/S60-23R</subfield>
  </datafield>
  <datafield tag="540" ind1=" " ind2=" ">
    <subfield code="9">info:eu-repo/semantics/openAccess</subfield>
    <subfield code="a">by-nc-nd</subfield>
    <subfield code="u">https://creativecommons.org/licenses/by-nc-nd/4.0/deed.es</subfield>
  </datafield>
  <datafield tag="655" ind1=" " ind2="4">
    <subfield code="a">info:eu-repo/semantics/article</subfield>
    <subfield code="v">info:eu-repo/semantics/publishedVersion</subfield>
  </datafield>
  <datafield tag="700" ind1=" " ind2=" ">
    <subfield code="a">Beltrán-Pellicer, Pablo</subfield>
    <subfield code="u">Universidad de Zaragoza</subfield>
    <subfield code="0">(orcid)0000-0002-1275-9976</subfield>
  </datafield>
  <datafield tag="700" ind1=" " ind2=" ">
    <subfield code="a">Siaba-Lestón, Manuel Jesús</subfield>
  </datafield>
  <datafield tag="700" ind1=" " ind2=" ">
    <subfield code="a">Morales-Ordoñez, Gregorio</subfield>
  </datafield>
  <datafield tag="710" ind1="2" ind2=" ">
    <subfield code="1">2006</subfield>
    <subfield code="2">200</subfield>
    <subfield code="a">Universidad de Zaragoza</subfield>
    <subfield code="b">Dpto. Matemáticas</subfield>
    <subfield code="c">Área Didáctica Matemática</subfield>
  </datafield>
  <datafield tag="773" ind1=" " ind2=" ">
    <subfield code="g">39, 2 (2025), 21-34</subfield>
    <subfield code="p">Rev. interuniv. form. profr.</subfield>
    <subfield code="t">Revista interuniversitaria de formación del profesorado</subfield>
    <subfield code="x">0213-8646</subfield>
  </datafield>
  <datafield tag="856" ind1="4" ind2=" ">
    <subfield code="s">787649</subfield>
    <subfield code="u">http://zaguan.unizar.es/record/163067/files/texto_completo.pdf</subfield>
    <subfield code="y">Versión publicada</subfield>
  </datafield>
  <datafield tag="856" ind1="4" ind2=" ">
    <subfield code="s">2103294</subfield>
    <subfield code="u">http://zaguan.unizar.es/record/163067/files/texto_completo.jpg?subformat=icon</subfield>
    <subfield code="x">icon</subfield>
    <subfield code="y">Versión publicada</subfield>
  </datafield>
  <datafield tag="909" ind1="C" ind2="O">
    <subfield code="o">oai:zaguan.unizar.es:163067</subfield>
    <subfield code="p">articulos</subfield>
    <subfield code="p">driver</subfield>
  </datafield>
  <datafield tag="951" ind1=" " ind2=" ">
    <subfield code="a">2025-10-09-13:25:56</subfield>
  </datafield>
  <datafield tag="980" ind1=" " ind2=" ">
    <subfield code="a">ARTICLE</subfield>
  </datafield>
</record>
</collection>